📖 150 premiers mots "La soeur de la tempĂȘte" (Les 7 soeurs T.2) Riley - Statistiques

Statistiques générales
  • Ce quiz a Ă©tĂ© pris 9 fois
  • Le rĂ©sultat moyen est 92 sur 150
Statistiques - réponses
Mots % Correct
Ă 
100%
ai
100%
d'
100%
de
100%
et
100%
et...
100%
j'
100%
J'
100%
Je
100%
je
100%
l'
100%
L'
100%
la
100%
La
100%
le
100%
Macheres,
100%
me
100%
'Neptune',
100%
oĂč
100%
qu'
100%
que
100%
Theo
100%
un
100%
une
100%
appris
88%
au
88%
ce
88%
en
88%
endroit
88%
étais
88%
grecque
88%
Ăźle
88%
mon
88%
pĂšre
88%
quand
88%
souviendrai
88%
toujours
88%
trouvais
88%
dans
75%
du
75%
eau
75%
moi.'
75%
vin
75%
des
63%
faisais
63%
mourir.
63%
nous,
63%
nous
63%
Nous
63%
sur
63%
venait
63%
avais-
50%
comme
50%
'comme
50%
main
50%
ne
50%
plus
50%
soleil,
50%
allongée,
38%
autre
38%
avait
38%
avions
38%
face
38%
petite
38%
pont
38%
posée
38%
ventre.
38%
alors
25%
baie
25%
coucher
25%
heures
25%
plage
25%
quelques
25%
sable,
25%
tĂŽt,
25%
chacun
13%
crique,
13%
jusqu'
13%
nue
13%
pensé,
13%
ancre
0%
'Apaisée',
0%
brillait
0%
cappuccino.
0%
chargé
0%
contenait
0%
courbe
0%
désertée
0%
dorée,
0%
écume
0%
élégante
0%
feux.
0%
former
0%
frapper
0%
glaciĂšre.
0%
gué
0%
jeté
0%
limpide
0%
mille
0%
minuscule.
0%
mousse
0%
mulet
0%
paresseusement
0%
parvenant
0%
pĂȘchĂ©s
0%
protectrice
0%
sardines
0%
traversé
0%
turquoise
0%
veille,
0%
Aucun quiz correspondant
Distribution des résultats
% des personnes avec chaque résultat
Percentile par nombre de réponses
Votre historique - résultats
Vous n’avez pas pris ce quiz